Iconografía y restauración (Record no. 5757)

MARC details
000 -CABECERA
campo de control de longitud fija 00973nam a2200217 a 4500
001 - NÚMERO DE CONTROL
campo de control BRCA_6070
005 - FECHA Y HORA DE LA ÚLTIMA TRANSACCIÓN
campo de control 20190320205324.0
008 - DATOS DE LONGITUD FIJA--INFORMACIÓN GENERAL
campo de control de longitud fija 130608s1997----mx-a---###---#000-0#spa-#
050 #4 - SIGNATURA TOPOGRÁFICA DE LA BIBLIOTECA DEL CONGRESO
Número de clasificación N7914
Número de documento/Ítem .R63 1997
100 1# - ENTRADA PRINCIPAL--NOMBRE DE PERSONA
Nombre de persona Rocha Reyes, Juan Manuel
9 (RLIN) 15334
245 10 - MENCIÓN DE TÍTULO
Título Iconografía y restauración
Resto del título el estudio iconográfico en la restauración de los bienes culturales sacros.
260 ## - PUBLICACIÓN, DISTRIBUCIÓN, ETC.
Lugar de publicación, distribución, etc. Ciudad de México
Fecha de publicación, distribución, etc. 1997
300 ## - DESCRIPCIÓN FÍSICA
Extensión 227 p.
Otras características físicas il., diagramas
502 ## - NOTA DE TESIS
Nota de tesis Tesis Licenciatura (Licenciado en Restauración de Bienes Muebles) Escuela Nacional de Conservación, Restauración y Museografía ´Manuel del Castillo Negrete´
610 24 - PUNTO DE ACCESO ADICIONAL DE MATERIA--NOMBRE DE ENTIDAD CORPORATIVA
Nombre de entidad corporativa o nombre de jurisdicción como elemento de entrada Retablo Relicario del Ex-Noviciado Jesuita de Tepoztlán (Morelos, México)
Subdivisión de forma Conservación y restauración
9 (RLIN) 15335
650 14 - PUNTO DE ACCESO ADICIONAL DE MATERIA--TÉRMINO DE MATERIA
Término de materia o nombre geográfico como elemento de entrada Arte cristiano
Subdivisión general Iconografía
9 (RLIN) 15336
700 1# - PUNTO DE ACCESO ADICIONAL--NOMBRE DE PERSONA
Nombre de persona Vega Cárdenas, Alfredo
Término indicativo de función/relación Coautor
9 (RLIN) 15337
700 1# - PUNTO DE ACCESO ADICIONAL--NOMBRE DE PERSONA
Nombre de persona Gómez Urquiza de la Macorra, Mercedes
Término indicativo de función/relación asesor
9 (RLIN) 15338
902 ## - CATALOGADOR
Iniciales TES
942 ## - ELEMENTOS DE PUNTO DE ACCESO ADICIONAL (KOHA)
Fuente del sistema de clasificación o colocación Library of Congress Classification
Tipo de ítem Koha Tesis
Holdings
Estado de retiro Estado de pérdida Estado dañado No para préstamo Localización permanente Ubicación/localización actual Fecha de adquisición Total de préstamos Signatura topográfica completa Código de barras Fecha visto por última vez Precio válido a partir de Tipo de ítem Koha
El ejemplar forma parte de la colección y puede ser consultado según las políticas vigentes.       Biblioteca del Museo Franz Mayer (Rogerio Casas-Alatriste) Biblioteca del Museo Franz Mayer (Rogerio Casas-Alatriste) 24/05/2011   N7914 .R63 1997 TES00036 22/03/2019 22/03/2019 Tesis